• 首页
  • 本馆介绍
  • 公告通知
  • 最新文献
  • 馆藏检索
  • 电子资源
  • 读者导购
  • 参考咨询
  • 我的图书馆
  • 登录
  • 详细信息显示
  • 放入我的书架
  • 预约/预借图书
  • 作者相关作品
  • 分类相关作品
  • 丛书相关作品
  • 出版社相关作品

书目信息

  • 表格格式
  • 工作单格式
  • 卡片格式
题名:
集合论与连续统假设浅说
    
 
作者: 张锦文 著
分册:  
出版信息: 上海   上海教育出版社  1980
页数: 88页
开本: 19cm
丛书名:
单 册:
中图分类: O144
科图分类:
主题词: 集论--基本知识 , 连续统假设--基本知识
电子资源:
ISBN:
000 00656nam0 2200241 45
001 0180004960
005 20060818103730.20
010    @dCNY0.23
091    @a7150.2258
100    @a19950408d1980 em y0chiy0121 ea
101 0  @achi
102    @aCN@b310000
105    @ay z 000yy
200 10 @a集合论与连续统假设浅说@Aji he lun yu lian xu tong jia she qian shuo@f张锦文著
210    @a上海@c上海教育出版社@d1980
215    @a88页@d19cm
606    @a集论@x基本知识
606    @a连续统假设@x基本知识
690    @aO144@v3
701  0 @a张锦文@Azhang jin wen@4著
801  2 @aCN@bNLC@c20060818
801  0 @aCN@b上海图书馆@c20040512
905    @dO144@e1
    
    集合论与连续统假设浅说/张锦文著.-上海:上海教育出版社,1980
    88页;19cm
    
    
    ISBN :CNY0.23
    
●
相关链接 在E读中查询图书 在五车中查询图书 在当当中查询图书 在豆瓣中查询图书


正题名:集合论与连续统假设浅说     索取号:O144/1         预约/预借

序号 登录号 条形码 馆藏地/架位号 状态 备注
1 0030331   000241704   第三借阅区/ [索取号:O144/1] 在馆    
2 0030332   000241697   第三借阅区/ [索取号:O144/1] 在馆    
3 0063841   000408703   第三借阅区/ [索取号:O144/1] 在馆    
4 0063842   000408712   第二样本阅览室/ [索取号:O144/1] 在馆    
5 0468639   204686394   密集书库/ [索取号:O144/1] 在馆    
唐山师范学院图书馆 欢迎您!
大连网信软件有限公司© 版权所有